| 000 | 01929nam a2200265 a 4500 | ||
|---|---|---|---|
| 001 | 000000358 | ||
| 005 | 20240510073816.0 | ||
| 008 | 081126s2003 dr 000 0 spa d | ||
| 020 | _a8495193116 | ||
| 020 | _a9788495193117 | ||
| 040 |
_aDO-SdBNP _bspa _cBNPHU |
||
| 082 |
_a100 _bA347m |
||
| 100 | 1 |
_aAlcántara, Juan Féliz _91207 |
|
| 245 | 1 | 0 |
_aManual de filosofía aplicada para el autoaprendizaje / _cJuan Féliz Alcántara. |
| 260 |
_aSanto Domingo : _bUAPA, _c2003. |
||
| 300 |
_a165 p. ; _c28 cm. |
||
| 490 | 1 | _aAutoaprendizaje | |
| 500 | _aIncluye bibliografía al final de los capítulos | ||
| 505 | 2 |
_tIntroducción -- _tNaturaleza de la filosofía -- _t¿Qué es la filosofía? -- _tDefinición de la filosofía -- _tEl método de la filosofía -- _tEl objeto material y el objeto formal de la filosofía -- _tValor de la filosofía -- _tDivisión de la filosofía -- _tOrigen del conocimiento -- _tFilosofía, ciencia y religión -- _tFilosofía y religión -- _tAportaciones de la antigüedad a la reflexión filosófica -- _tSócrates -- _tPlatón y los fundamentos en la filosofía política -- _tAristóteles y la lógica formal -- _tLa filosofía como expresión de una realidad -- _tFilosofía cristiana y medieval -- _tPensamiento de San Agustín -- _tSan Tomás de Aquino -- _tFundamentos filosóficos de la modernidad -- _tDescartes y el racionalismo -- _tConfrontación entre el pensamiento político de Hobbes y Locke -- _tKant y el idealismo crítico -- _tLa filosofía en los siglos XIX y XX -- _tAugusto Comte y el positivismo -- _tLa filosofía existencial -- _tApéndice -- _tRespuestas a las preguntas y ejercicios de autoevaluación -- _tBibliografía general. |
|
| 590 | _aInventariado, 2018 /LP | ||
| 650 | 0 |
_aFilosofía _9813 |
|
| 710 | 2 |
_aUniversidad Abierta para Adultos (Santiago de los Caballeros, Republica Dominicana) _971401 |
|
| 830 | 0 |
_aAutoaprendizaje _91208 |
|
| 910 | _aValidado. Control de calidad MFF | ||
| 999 |
_c357 _d357 |
||